000 00665nam a22002057a 4500
999 _c20160
_d20160
003 AR-CdUCM
008 190311b ||||| |||| 00| 0 spa d
040 _aMUNICIPALIDAD PROVINCIAL DEL CUSCO
_cBIBLIOTECA MUNICIPAL DEL CUSCO
082 _a985.02 /
_bG213
100 _aGarbind, Raúl
_942157
245 _aDiccionario biográfico del Perú /
260 _aLima :
_bEscuelas americanas,
_c1943.
300 _a972 páginas ;
_bRetratos,
_c24 cm.
505 _aContenido: Diccionario Histórico.
650 _aDiccionario
_95196
650 _aConquista del Perú
_915343
650 _aHistoria del Perú
_9259
942 _2ddc
_cLIBROS
945 _adavv
_d2019-05-27